000 00637nam a2200253Ia 4500
005 20260121155158.0
008 008 260114s9999 xx 000 0 eng d
020 _a9780429264757
037 _aEBOOK
040 _aCRL
040 _beng
040 _cCRL
041 _2eng
041 _aeng
084 _qCRL
100 _a Dona Schneider; Michael R Greenberg
_91016334
245 0 _aEnvironmental Health and the U.S. Federal System
260 _bTaylor and Francis
260 _c2020
856 _uhttp://www.taylorfrancis.com/books/9780429264757
942 _cEBOOK
999 _c1583153
_d1583153